Стенограмма 11-го Заседания VII Съезда Советов СССР. /Утро/

Доступно только в Электронных читальных залах Найти на картеНа карте
RUSMARC
00004218nac2a22002893x 450
001ab226aed-b0ae-44ba-b3cf-6c044c05bed6
00520210716160623.0
100##$a20210612l1935 k y0rusy50 ca
1010#$arus
102##$aRU
105##$ay z |||||
1220#$ad19350203
2001#$aСтенограмма 11-го Заседания VII Съезда Советов СССР. /Утро/
$j03.02.1935
215##$a174 листа
251##$cДело
300##$aЗаголовок дела на папке: Стенограмма 11-го Заседания VII-го Съезда Советов Союза ССР. 3 февраля 1935 года (утро)
300##$aЧасть текста рукописная и машинописная, часть - напечатана типографским способом
330##$aВходит в раздел описи: VII-й Съезд Советов
461#0$1001796d4672-8a00-4986-b488-6e42273792cc
$12001
$aЦЕНТРАЛЬНЫЙ ИСПОЛНИТЕЛЬНЫЙ КОМИТЕТ СССР (ЦИК СССР)
$1251
$cФонд
$1852
$j3316
$gР
462#0$10012246e4af-064a-4b66-b386-cae0ddb7fb2d
$12001
$aДела 7-го Съезда Советов и 1-й, 2-й, 3-й, 4-й Сессий 7-го созыва. 1935-1937 гг.
$vД. 38
$1251
$cОпись
$1852
$j7
5171#$aСтенограмма 11-го Заседания VII-го Съезда Советов Союза ССР. 3 февраля 1935 года (утро)
60101$3RU\NLR\AUTH\880357276
$aСССР
$bЦИК
6011|$3RU\NLR\AUTH\661048804
$aСССР. Съезд советов 7-й
60102$aСССР. Съезд Советов (7). Заседание (11)
801#0$aRU
$bGA_RF
801#1$aRU
$bГлавНИВЦ
$c20210612
$2rusmarc
801#2$aRU
$bПБ им. Б.Н. Ельцина
$c20210716
$gRCR
$2rusmarc
852##$aГА РФ
$j38
937##$d166277520
$hГАРФ
035##$aRuPRLIB51060503
856##$uhttp://readingroom.main.prlib.ru/item.aspx?id_node=n166277520&mode=full
Формат отображения